| 000 | 00385cam a22001097a 4500 | ||
|---|---|---|---|
| 008 | 180718b1987 xxu||||| |||| 00| 0 eng d | ||
| 082 | _aT2x5442 V819 | ||
| 100 | _aVirmani, Shaila | ||
| 245 |
_aRole of private sector in town development: a case study of pimpri chinchwad town _cby Shaila Virmani |
||
| 260 |
_aBombay _bRegional Centre For Urban & Environment Studies _c1987 |
||
| 300 | _a96p | ||
| 999 |
_c414218 _d414218 |
||